[Event "Quebec op"]
[Site "Montreal CAN"]
[Date "2011.07.24"]
[Round "2.28"]
[White "Giroux, Robert"]
[Black "Arsenault, Nicolas"]
[Result "0-1"]
[WhiteElo "1886"]
[BlackElo "2164"]
[PlyCount "72"]
[GameId "2160767909649313"]
[EventDate "2011.07.23"]
[EventType "swiss"]
[EventRounds "9"]
[EventCountry "CAN"]
[SourceTitle "EXT 2022"]
[Source "ChessBase"]
[SourceDate "2021.10.06"]
[SourceVersion "1"]
[SourceVersionDate "2021.10.06"]
[SourceQuality "1"]

1. d4 Nf6 2. c4 e6 3. g3 Bb4+ 4. Bd2 Qe7 5. Nf3 Nc6 6. Nc3 Bxc3 7. Bxc3 Ne4 8. Rc1 Nxc3 9. Rxc3 d6 10. d5 Nb8 11. dxe6 fxe6 12. Nd4 e5 13. Nc2 O-O 14. Bg2 Nd7 15. Ne3 Nf6 16. Nd5 Qd8 17. O-O c6 18. Nxf6+ Rxf6 19. e4 Be6 20. b3 Qb6 21. Rd3 Raf8 22. Qd2 Rd8 23. Rxd6 Rxd6 24. Qxd6 Bxc4 25. Qb8+ Rf8 26. Qxf8+ Kxf8 27. bxc4 Qd4 28. Kh1 Qxc4 29. f4 exf4 30. gxf4 Qxa2 31. e5 Qe2 32. Kg1 Qe3+ 33. Kh1 a5 34. Rf3 Qe2 35. Kg1 a4 36. h3 Qxf3 0-1

[Event "Quebec op"]
[Site "Montreal CAN"]
[Date "2011.07.24"]
[Round "2.29"]
[White "Leutschaft, Martin"]
[Black "Leitch, Darcy"]
[Result "1-0"]
[WhiteElo "2141"]
[BlackElo "1872"]
[PlyCount "41"]
[GameId "2160767909649314"]
[EventDate "2011.07.23"]
[EventType "swiss"]
[EventRounds "9"]
[EventCountry "CAN"]
[SourceTitle "EXT 2022"]
[Source "ChessBase"]
[SourceDate "2021.10.06"]
[SourceVersion "1"]
[SourceVersionDate "2021.10.06"]
[SourceQuality "1"]

1. e4 c6 2. d4 d5 3. exd5 cxd5 4. Bd3 Nc6 5. c3 Nf6 6. Bf4 g6 7. Nf3 Bg7 8. Nbd2 O-O 9. h3 Ne8 10. Qb3 e6 11. h4 Nc7 12. h5 Re8 13. hxg6 hxg6 14. Ne5 Nxe5 15. dxe5 Na6 16. Bxa6 bxa6 17. Nf3 Qb6 18. Be3 Qc7 19. Qa4 Bb7 20. Qh4 Kf8 21. Bg5 1-0

[Event "Quebec op"]
[Site "Montreal CAN"]
[Date "2011.07.24"]
[Round "2.30"]
[White "Laurain, Guy1"]
[Black "Beaulieu, Pierre"]
[Result "1/2-1/2"]
[WhiteElo "2091"]
[BlackElo "1855"]
[PlyCount "73"]
[GameId "2160767909649315"]
[EventDate "2011.07.23"]
[EventType "swiss"]
[EventRounds "9"]
[EventCountry "CAN"]
[SourceTitle "EXT 2022"]
[Source "ChessBase"]
[SourceDate "2021.10.06"]
[SourceVersion "1"]
[SourceVersionDate "2021.10.06"]
[SourceQuality "1"]

1. e4 b6 2. d4 Bb7 3. Nc3 e6 4. Nf3 Bb4 5. Bd3 Nf6 6. Qe2 d5 7. e5 Ne4 8. Bd2 Nxd2 9. Nxd2 c5 10. Bb5+ Nc6 11. a3 cxd4 12. axb4 dxc3 13. bxc3 Qg5 14. O-O O-O 15. f4 Qe7 16. Nf3 a5 17. Bxc6 Bxc6 18. Nd4 Bd7 19. Qd2 Rfc8 20. Rfb1 Be8 21. Nb3 h6 22. Qd4 a4 23. Nd2 Qc7 24. Ra3 b5 25. Re1 Qa7 26. Nf3 Rc4 27. Qxa7 Rxa7 28. Nd4 Rac7 29. Re3 Bd7 30. g3 Kf8 31. Kf1 Ke7 32. Ke1 Rc8 33. Kd2 Rg8 34. Ra1 Rcc8 35. g4 Rh8 36. h4 g6 37. Rae1 1/2-1/2

[Event "Quebec op"]
[Site "Montreal CAN"]
[Date "2011.07.24"]
[Round "2.32"]
[White "Sasseville, Jean"]
[Black "Chevalier, Francois"]
[Result "1-0"]
[WhiteElo "1944"]
[BlackElo "1699"]
[PlyCount "230"]
[GameId "2160767909649316"]
[EventDate "2011.07.23"]
[EventType "swiss"]
[EventRounds "9"]
[EventCountry "CAN"]
[SourceTitle "EXT 2022"]
[Source "ChessBase"]
[SourceDate "2021.10.06"]
[SourceVersion "1"]
[SourceVersionDate "2021.10.06"]
[SourceQuality "1"]

1. Nf3 Nf6 2. c4 e6 3. g3 b6 4. Bg2 Bb7 5. O-O c5 6. Nc3 a6 7. Re1 Ne4 8. Nxe4 Bxe4 9. d3 Bb7 10. e4 d6 11. d4 cxd4 12. Nxd4 Be7 13. b3 O-O 14. Bb2 Nd7 15. Qe2 Re8 16. Rad1 Qc7 17. Nc2 Bf8 18. Ne3 Nc5 19. Rd4 Rad8 20. Red1 Qb8 21. f3 Qa8 22. Qc2 Bc6 23. a4 Qb7 24. Qc3 f6 25. Ba3 Qc7 26. Bh3 Kf7 27. Bf1 Kg8 28. Kf2 Be7 29. R4d2 Qb7 30. Bd3 Qc7 31. Bc2 Bf8 32. Bb2 a5 33. h4 Qe7 34. Kg2 Qf7 35. g4 Qg6 36. h5 Qf7 37. h6 Be7 38. hxg7 Qxg7 39. Kf2 e5 40. Nf5 Qf8 41. Qe3 Bb7 42. Rh1 Bc8 43. Kg3 Bxf5 44. exf5 Rd7 45. Ba3 Bd8 46. Bxc5 bxc5 47. Be4 Rc7 48. Qd3 Be7 49. Bc6 Rb8 50. Bb5 Kh8 51. Rdh2 Bd8 52. Kf2 Rbb7 53. Ke2 Rg7 54. Kd2 Qe7 55. Kc2 Bc7 56. Qe4 Bb8 57. Rd1 Qc7 58. Rhd2 Qe7 59. Qc6 Ra7 60. Qe4 Qf8 61. Bc6 Qe7 62. Bd5 Qf8 63. Be6 Qe7 64. Qc6 Qf8 65. Kb2 Rge7 66. Qe4 Rg7 67. Ka3 Qe7 68. Rh2 Qf8 69. Rdh1 Qe7 70. Rh6 Qf8 71. Qc6 Qd8 72. R1h4 Rgc7 73. Qe4 Rg7 74. Ka2 Qe7 75. Bd5 Qf8 76. Bc6 Qe7 77. Qd3 Qf8 78. Be4 Qe7 79. Qd5 Qf8 80. Qe6 Rgf7 81. Qd5 Rg7 82. Qc6 Qd8 83. Bd5 Qf8 84. Qb6 Rae7 85. Qxa5 Ra7 86. Qb6 Rge7 87. Kb2 Rg7 88. Kc2 Rge7 89. Be4 Rg7 90. Kd3 Rae7 91. Rh1 Bc7 92. Qc6 Qb8 93. Qb5 Qxb5 94. axb5 Rgf7 95. Ra1 Kg7 96. Rh2 Bb8 97. b6 Rf8 98. Bd5 Rd8 99. Ke4 Ree8 100. Ra4 Re7 101. Bc6 Kh8 102. b4 cxb4 103. Rxb4 Kg7 104. Ra4 Kh8 105. Rha2 Kg7 106. Ra7 Rf7 107. Kd5 Kg8 108. Ke6 Rdf8 109. Rxf7 Rxf7 110. Ra8 Rf8 111. Bd5 Kg7 112. Kd7 Kh6 113. Rxb8 Rxb8 114. Kc7 Rg8 115. b7 Kg5 1-0

[Event "Quebec op"]
[Site "Montreal CAN"]
[Date "2011.07.24"]
[Round "2.34"]
[White "Luo, Zhao Yang"]
[Black "Robichaud, Louis"]
[Result "1-0"]
[WhiteElo "1909"]
[BlackElo "2184"]
[PlyCount "97"]
[GameId "2160767909649317"]
[EventDate "2011.07.23"]
[EventType "swiss"]
[EventRounds "9"]
[EventCountry "CAN"]
[SourceTitle "EXT 2022"]
[Source "ChessBase"]
[SourceDate "2021.10.06"]
[SourceVersion "1"]
[SourceVersionDate "2021.10.06"]
[SourceQuality "1"]

1. d4 Nf6 2. Nf3 g6 3. Bg5 Bg7 4. Nbd2 O-O 5. e4 d6 6. Be2 Nbd7 7. c3 e5 8. dxe5 dxe5 9. O-O h6 10. Bh4 Qe8 11. Nc4 Nh5 12. Re1 Nb6 13. Ne3 c6 14. a4 a5 15. Qb3 Nd7 16. Rad1 Bf6 17. Nc4 Qe7 18. Nd6 Nc5 19. Qa3 b6 20. Bxf6 Nxf6 21. Nc4 Qc7 22. Nfxe5 Re8 23. f4 Nfxe4 24. Bf3 Be6 25. Bxe4 Bxc4 26. Bxc6 Rxe5 27. Bxa8 Rxe1+ 28. Rxe1 Qxf4 29. Qa1 Nd3 30. Re2 Nc1 31. Re1 Nd3 32. Re2 Nc1 33. Re1 Nd3 34. Re4 Qf2+ 35. Kh1 Nxb2 36. Qg1 Qc2 37. Re8+ Kh7 38. Qxb6 Nd3 39. h3 Qxc3 40. Bf3 Be6 41. Qb8 h5 42. Kh2 h4 43. Be4 Nc5 44. Bc6 g5 45. Qc7 Kg7 46. Qd6 Kf6 47. Rg8 Kf5 48. Bf3 Kf6 49. Rc8 1-0

[Event "Quebec op"]
[Site "Montreal CAN"]
[Date "2011.07.24"]
[Round "2.35"]
[White "Barre, Michel"]
[Black "Zhu, Hong Rui"]
[Result "0-1"]
[WhiteElo "1854"]
[BlackElo "2002"]
[PlyCount "82"]
[GameId "2160767909649318"]
[EventDate "2011.07.23"]
[EventType "swiss"]
[EventRounds "9"]
[EventCountry "CAN"]
[SourceTitle "EXT 2022"]
[Source "ChessBase"]
[SourceDate "2021.10.06"]
[SourceVersion "1"]
[SourceVersionDate "2021.10.06"]
[SourceQuality "1"]

1. d4 d5 2. Nf3 Nf6 3. e3 Bf5 4. Bd3 Bg6 5. Ne5 e6 6. Nxg6 hxg6 7. Nd2 c5 8. b3 Nc6 9. a3 cxd4 10. exd4 Nxd4 11. Bb2 Nc6 12. O-O Bd6 13. h3 Be5 14. Bxe5 Nxe5 15. Bb5+ Nc6 16. c4 O-O 17. Rc1 Rc8 18. Nf3 Na5 19. c5 Nc6 20. Re1 Qa5 21. Ba4 b5 22. cxb6 Qxb6 23. Re2 Ne7 24. Rec2 Ne4 25. Ne5 Rxc2 26. Rxc2 Rc8 27. Rxc8+ Nxc8 28. Qf3 Ncd6 29. b4 a5 30. Bc2 axb4 31. Bxe4 dxe4 32. Qb3 Qc5 33. Nxg6 fxg6 34. Qxe6+ Kh7 35. axb4 Qxb4 36. g3 Nf5 37. Qe5 Qe1+ 38. Kg2 e3 39. fxe3 Qe2+ 40. Kh1 Qf1+ 41. Kh2 Qf2+ 0-1

[Event "Quebec op"]
[Site "Montreal CAN"]
[Date "2011.07.24"]
[Round "2.36"]
[White "Gauthier, Denis"]
[Black "Yun, Chang"]
[Result "0-1"]
[WhiteElo "1996"]
[BlackElo "1881"]
[PlyCount "96"]
[GameId "2160767909649319"]
[EventDate "2011.07.23"]
[EventType "swiss"]
[EventRounds "9"]
[EventCountry "CAN"]
[SourceTitle "EXT 2022"]
[Source "ChessBase"]
[SourceDate "2021.10.06"]
[SourceVersion "1"]
[SourceVersionDate "2021.10.06"]
[SourceQuality "1"]

1. d4 Nf6 2. c4 g6 3. Nc3 Bg7 4. Nf3 O-O 5. Bf4 d6 6. h3 c5 7. e3 Qa5 8. Qd2 a6 9. Be2 Nfd7 10. d5 b5 11. O-O b4 12. Ne4 Nf6 13. Nxf6+ Bxf6 14. e4 Nd7 15. Bd3 Qc7 16. Rfe1 Rb8 17. Bg5 a5 18. Bxf6 exf6 19. Nh2 Ne5 20. f4 Nxd3 21. Qxd3 Re8 22. Nf3 Re7 23. Re3 Ba6 24. Kh2 a4 25. b3 a3 26. e5 Rbe8 27. Rae1 fxe5 28. fxe5 Bc8 29. exd6 Qxd6+ 30. Kg1 Bf5 31. Qd2 Kg7 32. Rxe7 Rxe7 33. Rxe7 Qxe7 34. Kf2 Qf6 35. Qe3 Qb2+ 36. Kg3 Qxa2 37. Qe5+ Kg8 38. Qe8+ Kg7 39. Qe5+ Kg8 40. Ng5 Qxb3+ 41. Kh2 Qb2 42. Qe8+ Kg7 43. Qxf7+ Kh6 44. Qe7 Qd2 45. h4 Kh5 46. Nxh7 Qf4+ 47. Kg1 Qd4+ 48. Kf1 Bd3+ 0-1

[Event "Quebec op"]
[Site "Montreal CAN"]
[Date "2011.07.24"]
[Round "2.40"]
[White "Beladel, Brahim"]
[Black "Auger, Bertrand"]
[Result "0-1"]
[WhiteElo "1693"]
[BlackElo "1961"]
[PlyCount "110"]
[GameId "2160767909649321"]
[EventDate "2011.07.23"]
[EventType "swiss"]
[EventRounds "9"]
[EventCountry "CAN"]
[SourceTitle "EXT 2022"]
[Source "ChessBase"]
[SourceDate "2021.10.06"]
[SourceVersion "1"]
[SourceVersionDate "2021.10.06"]
[SourceQuality "1"]

1. e4 e6 2. d4 d5 3. Nd2 c5 4. exd5 exd5 5. Ngf3 Nf6 6. Bb5+ Bd7 7. Bxd7+ Nbxd7 8. O-O Be7 9. dxc5 O-O 10. Nb3 Nxc5 11. Nbd4 Nfe4 12. Bf4 Ne6 13. Be3 Bf6 14. c3 g6 15. Qd3 Qd7 16. h3 Rac8 17. Nxe6 fxe6 18. Bxa7 Nc5 19. Qe3 Ne4 20. Bd4 Bd8 21. Ne5 Qd6 22. Ng4 Bf6 23. Nxf6+ Nxf6 24. Rfe1 Rc6 25. Rad1 Nd7 26. Qg5 Rf5 27. Qd8+ Rf8 28. Qg5 Rf5 29. Qh4 e5 30. Be3 Nf6 31. Qa4 Ra6 32. Qb3 Qc6 33. a3 Kg7 34. Rd2 b5 35. Red1 Ra4 36. f3 Rc4 37. Rf1 h5 38. g4 hxg4 39. fxg4 Rxf1+ 40. Kxf1 d4 41. Bg1 Qf3+ 42. Rf2 Qxh3+ 43. Ke1 Qe3+ 44. Kf1 Qd3+ 45. Kg2 dxc3 46. Qc2 Rxg4+ 47. Kh1 Rh4+ 48. Bh2 Qd5+ 49. Kg1 Rg4+ 50. Kf1 Qh1+ 51. Ke2 Re4+ 52. Kd3 Rd4+ 53. Ke2 Rd2+ 54. Qxd2 cxd2 55. Kxd2 Ne4+ 0-1

[Event "Quebec op"]
[Site "Montreal CAN"]
[Date "2011.07.24"]
[Round "2.41"]
[White "Bergeron, Rene"]
[Black "Wu, Qiyou"]
[Result "0-1"]
[WhiteElo "1587"]
[BlackElo "1942"]
[PlyCount "111"]
[GameId "2160767909649322"]
[EventDate "2011.07.23"]
[EventType "swiss"]
[EventRounds "9"]
[EventCountry "CAN"]
[SourceTitle "EXT 2022"]
[Source "ChessBase"]
[SourceDate "2021.10.06"]
[SourceVersion "1"]
[SourceVersionDate "2021.10.06"]
[SourceQuality "1"]

1. c4 c5 2. Nf3 Nc6 3. Nc3 e5 4. g3 g6 5. Bg2 Bg7 6. O-O Nge7 7. Ne4 d6 8. d3 O-O 9. Rb1 h6 10. a3 a5 11. Bd2 f5 12. Nc3 Be6 13. Nb5 Kh7 14. e3 Rc8 15. b4 axb4 16. axb4 cxb4 17. Bxb4 Nxb4 18. Rxb4 d5 19. Na7 Rc7 20. Nd2 e4 21. Nb5 Rc8 22. Nd4 Bxd4 23. exd4 b6 24. Qb1 Rb8 25. c5 bxc5 26. dxc5 Nc6 27. Rb7+ Rf7 28. Rxb8 Qxb8 29. dxe4 fxe4 30. Qb6 Qxb6 31. cxb6 Rb7 32. Rb1 Ne5 33. Bf1 Nd7 34. Ba6 Rxb6 35. Rxb6 Nxb6 36. Nb3 Kg7 37. Kf1 Kf6 38. Ke2 Ke5 39. Ke3 d4+ 40. Nxd4 Nd5+ 41. Ke2 Kxd4 42. Bb7 Ke5 43. h4 Ne7 44. f4+ Kd4 45. Ba6 Bc4+ 46. Bxc4 Kxc4 47. Ke3 Kd5 48. g4 Ng8 49. g5 h5 50. Ke2 Ke6 51. Kf2 Kf5 52. Ke3 Ne7 53. Kf2 Kxf4 54. Ke2 e3 55. Kf1 Kf3 56. Ke1 0-1

[Event "Quebec op"]
[Site "Montreal CAN"]
[Date "2011.07.24"]
[Round "2.42"]
[White "Rondon, Luciano"]
[Black "Goldner, John"]
[Result "1/2-1/2"]
[WhiteElo "1937"]
[BlackElo "1683"]
[PlyCount "103"]
[GameId "2160767909649323"]
[EventDate "2011.07.23"]
[EventType "swiss"]
[EventRounds "9"]
[EventCountry "CAN"]
[SourceTitle "EXT 2022"]
[Source "ChessBase"]
[SourceDate "2021.10.06"]
[SourceVersion "1"]
[SourceVersionDate "2021.10.06"]
[SourceQuality "1"]

1. d4 f5 2. Nf3 Nf6 3. Bf4 d6 4. e3 e6 5. Bc4 Be7 6. O-O O-O 7. c3 d5 8. Be2 Ne4 9. Nfd2 Nxd2 10. Nxd2 g5 11. Be5 Nd7 12. c4 Nxe5 13. dxe5 c6 14. a3 Qc7 15. f4 Bc5 16. Kh1 Bxe3 17. g3 g4 18. Qc2 c5 19. b4 d4 20. h4 b6 21. b5 Bb7+ 22. Kh2 Rae8 23. Bd3 Ba8 24. Nb3 Rf7 25. a4 Qb7 26. a5 Ref8 27. a6 Qe7 28. Nd2 Rg7 29. Nb3 Rg6 30. Qe2 Rh6 31. Qe1 Rh5 32. Ra2 Rf7 33. Na1 Rg7 34. Rg2 Rg6 35. Nc2 Bxg2 36. Kxg2 Qd7 37. Qe2 Kh8 38. Ne1 Rg8 39. Qc2 Rd8 40. Qe2 Rh6 41. Kh1 Qe7 42. Ng2 Qd7 43. Ne1 Qe7 44. Ng2 Rh5 45. Qe1 Rg8 46. Kh2 Qg7 47. Kh1 Qf8 48. Kh2 Qa8 49. Qe2 Qd8 50. Qe1 Rg6 51. Kh1 Rgh6 52. Kh2 1/2-1/2

[Event "Quebec op"]
[Site "Montreal CAN"]
[Date "2011.07.24"]
[Round "3"]
[White "Arsenault, Nicolas"]
[Black "Trottier, Emile"]
[Result "1/2-1/2"]
[WhiteElo "2164"]
[BlackElo "2032"]
[PlyCount "81"]
[GameId "2160767909649325"]
[EventDate "2011.07.23"]
[EventType "swiss"]
[EventRounds "9"]
[EventCountry "CAN"]
[SourceTitle "EXT 2022"]
[Source "ChessBase"]
[SourceDate "2021.10.06"]
[SourceVersion "1"]
[SourceVersionDate "2021.10.06"]
[SourceQuality "1"]

1. e4 e6 2. d4 d5 3. Nc3 Bb4 4. exd5 exd5 5. Bd3 Ne7 6. Qh5 Nbc6 7. a3 Ba5 8. Nf3 Be6 9. Be3 Qd7 10. Ng5 O-O-O 11. Nxe6 Qxe6 12. O-O g6 13. Qf3 Nf5 14. Bxf5 Qxf5 15. Qxf5+ gxf5 16. Ne2 Rhg8 17. c3 Ne7 18. Nf4 c6 19. Nd3 Ng6 20. Bg5 Rde8 21. Rfe1 Bc7 22. Rxe8+ Rxe8 23. Re1 Rxe1+ 24. Nxe1 Kd7 25. Nd3 Bd6 26. g3 Ke6 27. Kg2 h5 28. Kf3 f6 29. Bf4 Be7 30. h4 a6 31. a4 b5 32. b3 Kf7 33. Bc7 Ke6 34. Nf4+ Nxf4 35. Bxf4 Ba3 36. Ke2 Bf8 37. Kd3 Be7 38. Bc7 Kd7 39. Bf4 Ke6 40. Kd2 Bd8 41. Kd3 1/2-1/2

[Event "Quebec op"]
[Site "Montreal CAN"]
[Date "2011.07.24"]
[Round "3"]
[White "Auger, Bertrand"]
[Black "Laurain, Guy1"]
[Result "0-1"]
[WhiteElo "1961"]
[BlackElo "2091"]
[PlyCount "64"]
[GameId "2160767909649326"]
[EventDate "2011.07.23"]
[EventType "swiss"]
[EventRounds "9"]
[EventCountry "CAN"]
[SourceTitle "EXT 2022"]
[Source "ChessBase"]
[SourceDate "2021.10.06"]
[SourceVersion "1"]
[SourceVersionDate "2021.10.06"]
[SourceQuality "1"]

1. Nf3 c5 2. c4 g6 3. g3 Bg7 4. Bg2 Nc6 5. O-O Nf6 6. Nc3 O-O 7. d4 cxd4 8. Nxd4 a6 9. Nc2 d6 10. h3 Bd7 11. Kh2 Rb8 12. b4 Ng4+ 13. hxg4 Bxc3 14. Rb1 Bxg4 15. b5 axb5 16. cxb5 Ne5 17. Bh6 Re8 18. f4 Nd7 19. Ne3 Nf6 20. Qd3 Ba5 21. f5 Bh5 22. g4 Bxg4 23. fxg6 hxg6 24. Rxf6 exf6 25. Nxg4 f5 26. Nf2 Qh4+ 27. Qh3 Qxf2 28. Bg5 Re6 29. Bh4 Qxe2 30. Kh1 Kg7 31. Bd5 Re4 32. Bxe4 Qxe4+ 0-1

[Event "Quebec op"]
[Site "Montreal CAN"]
[Date "2011.07.24"]
[Round "3"]
[White "Beaulieu, Pierre"]
[Black "Dumont, Felix"]
[Result "0-1"]
[WhiteElo "1855"]
[BlackElo "2007"]
[PlyCount "92"]
[GameId "2160767909649328"]
[EventDate "2011.07.23"]
[EventType "swiss"]
[EventRounds "9"]
[EventCountry "CAN"]
[SourceTitle "EXT 2022"]
[Source "ChessBase"]
[SourceDate "2021.10.06"]
[SourceVersion "1"]
[SourceVersionDate "2021.10.06"]
[SourceQuality "1"]

1. e4 c5 2. Nf3 d6 3. Bc4 e6 4. Nc3 Nc6 5. d4 cxd4 6. Nxd4 Nf6 7. Be3 Be7 8. Bb3 Bd7 9. O-O O-O 10. f3 a6 11. Qd2 Rc8 12. Rad1 b5 13. Nxc6 Bxc6 14. Qf2 Qc7 15. a3 Nd7 16. Qg3 Rfd8 17. f4 Nc5 18. f5 exf5 19. exf5 Bf6 20. Bh6 Kh8 21. Bf4 Nxb3 22. cxb3 Qb6+ 23. Be3 Qb7 24. b4 d5 25. Bd4 Qe7 26. Qf2 Bb7 27. Rfe1 Qd6 28. Bc5 Qc6 29. Ne2 Bxb2 30. Nd4 Bxd4 31. Qxd4 Re8 32. f6 Qxf6 33. Qxf6 gxf6 34. Kf2 Kg7 35. Kg3 Re5 36. Bd4 Rg5+ 37. Kf3 Rc2 38. Rg1 Bc8 39. h4 Bg4+ 40. Kf4 Rg6 41. Rd3 Be2 42. Rg3 Rxg3 43. Kxg3 Rc4 44. Be3 d4 45. Bc1 Rxc1 46. Rxc1 d3 0-1

[Event "Quebec op"]
[Site "Montreal CAN"]
[Date "2011.07.24"]
[Round "3"]
[White "Bergeron, Rene"]
[Black "Giroux, Robert"]
[Result "1-0"]
[WhiteElo "1587"]
[BlackElo "1886"]
[PlyCount "107"]
[GameId "2160767909649329"]
[EventDate "2011.07.23"]
[EventType "swiss"]
[EventRounds "9"]
[EventCountry "CAN"]
[SourceTitle "EXT 2022"]
[Source "ChessBase"]
[SourceDate "2021.10.06"]
[SourceVersion "1"]
[SourceVersionDate "2021.10.06"]
[SourceQuality "1"]

1. c4 c5 2. Nf3 Nf6 3. Nc3 e6 4. g3 b6 5. Bg2 Bb7 6. O-O Be7 7. e3 O-O 8. d4 a6 9. a3 Qc7 10. b3 d6 11. Bd2 Nbd7 12. Rc1 Rac8 13. Re1 Qb8 14. Qe2 Rfe8 15. Rb1 Ne4 16. b4 Nxc3 17. Bxc3 Be4 18. Rb2 Qa8 19. Rd1 cxd4 20. exd4 b5 21. c5 Bd5 22. Ne1 Bxg2 23. Nxg2 e5 24. dxe5 Nxe5 25. Bxe5 dxe5 26. Rd7 Rcd8 27. Rbd2 Rxd7 28. Rxd7 Qc6 29. Qd3 a5 30. Ne3 axb4 31. axb4 g6 32. Qd5 Qc8 33. Ng4 Rd8 34. Nxe5 Rxd7 35. Qxd7 Qxd7 36. Nxd7 f6 37. Nb6 Kf7 38. Nd5 Bf8 39. Kf1 f5 40. Ke2 Bg7 41. Kd3 Be5 42. f4 Bb2 43. Nc7 Ke7 44. Nxb5 Kd7 45. Nd4 Ba3 46. Kc4 Bb2 47. c6+ Kd6 48. b5 h6 49. b6 g5 50. b7 Kc7 51. Nb5+ Kb8 52. Kd5 Bg7 53. Ke6 gxf4 54. gxf4 1-0

[Event "Quebec op"]
[Site "Montreal CAN"]
[Date "2011.07.24"]
[Round "3"]
[White "Brunet, Guy"]
[Black "Sarrazin-Gendron, Roman"]
[Result "0-1"]
[WhiteElo "1534"]
[BlackElo "1968"]
[PlyCount "52"]
[GameId "2160767909649330"]
[EventDate "2011.07.23"]
[EventType "swiss"]
[EventRounds "9"]
[EventCountry "CAN"]
[SourceTitle "EXT 2022"]
[Source "ChessBase"]
[SourceDate "2021.10.06"]
[SourceVersion "1"]
[SourceVersionDate "2021.10.06"]
[SourceQuality "1"]

1. d4 Nf6 2. Nf3 g6 3. e3 Bg7 4. c4 c5 5. Nc3 O-O 6. Bd3 e6 7. O-O Nc6 8. a3 cxd4 9. Nxd4 Nxd4 10. exd4 d5 11. c5 Nd7 12. Bf4 Bxd4 13. Bd6 Re8 14. Nb5 Bxc5 15. Nc7 Bxd6 16. Nxa8 Nc5 17. Bb5 Bd7 18. Bxd7 Qxd7 19. Nb6 axb6 20. b4 Ne4 21. Qd4 Bc7 22. Rac1 Nd6 23. Rc2 b5 24. Rfc1 Nc4 25. a4 Qd6 26. g3 bxa4 0-1

[Event "Quebec op"]
[Site "Montreal CAN"]
[Date "2011.07.24"]
[Round "3"]
[White "Caceres Cortes, Julio"]
[Black "Enkh-Amar, Galbadrakh"]
[Result "0-1"]
[WhiteElo "1986"]
[BlackElo "2179"]
[PlyCount "104"]
[GameId "2160767909649331"]
[EventDate "2011.07.23"]
[EventType "swiss"]
[EventRounds "9"]
[EventCountry "CAN"]
[SourceTitle "EXT 2022"]
[Source "ChessBase"]
[SourceDate "2021.10.06"]
[SourceVersion "1"]
[SourceVersionDate "2021.10.06"]
[SourceQuality "1"]

1. e4 c5 2. Nf3 d6 3. d4 cxd4 4. Nxd4 Nf6 5. Nc3 Nc6 6. Bg5 e6 7. Qd2 a6 8. O-O-O h6 9. Bh4 Nxe4 10. Qf4 Nf6 11. Nxc6 bxc6 12. Ne4 e5 13. Bxf6 gxf6 14. Nxf6+ Ke7 15. Qh4 Ke6 16. Qc4+ Ke7 17. Qxc6 Be6 18. Ne4 Rc8 19. Qxd6+ Qxd6 20. Nxd6 Rc6 21. Ne4 Bxa2 22. Nc3 Be6 23. g3 h5 24. Bg2 Bh6+ 25. Kb1 Rc5 26. Nd5+ Kf8 27. Rhe1 Bg4 28. Nf6 Ke7 29. Rd5 Rxd5 30. Nxd5+ Kd6 31. Ne3 Be6 32. Rd1+ Kc5 33. Rd3 h4 34. Rc3+ Kb5 35. Bc6+ Kb6 36. Be4 hxg3 37. hxg3 Rd8 38. Rc6+ Kb5 39. c4+ Ka5 40. Nd5 Bd2 41. Nc7 Bc8 42. Nd5 Bb4 43. Kc2 f5 44. Bd3 e4 45. Bf1 Bf8 46. Kc3 Bb7 47. b4+ Ka4 48. Nb6+ Ka3 49. Rc7 Bxb4+ 50. Kc2 Rd2+ 51. Kc1 Rxf2 52. Bh3 e3 0-1

[Event "Quebec op"]
[Site "Montreal CAN"]
[Date "2011.07.24"]
[Round "3"]
[White "Cote-Lalumiere, Tristan"]
[Black "Beladel, Brahim"]
[Result "0-1"]
[WhiteElo "1928"]
[BlackElo "1693"]
[PlyCount "46"]
[GameId "2160767909649334"]
[EventDate "2011.07.23"]
[EventType "swiss"]
[EventRounds "9"]
[EventCountry "CAN"]
[SourceTitle "EXT 2022"]
[Source "ChessBase"]
[SourceDate "2021.10.06"]
[SourceVersion "1"]
[SourceVersionDate "2021.10.06"]
[SourceQuality "1"]

1. e4 c6 2. d4 d5 3. exd5 cxd5 4. Bd3 Nc6 5. c3 Nf6 6. f3 e5 7. Ne2 e4 8. fxe4 dxe4 9. Bb5 Be7 10. O-O O-O 11. Ng3 Qd5 12. Ba4 Bg4 13. Qd2 Rad8 14. Bb3 Qd7 15. Qe1 Rde8 16. Nxe4 Nxd4 17. Kh1 Nxb3 18. axb3 Nxe4 19. Qxe4 Bc5 20. Qf4 Bh5 21. Nd2 Be3 22. Qh4 Be2 23. Ne4 Qd3 0-1

[Event "Quebec op"]
[Site "Montreal CAN"]
[Date "2011.07.24"]
[Round "3"]
[White "Gagnon, Serge"]
[Black "Libersan, Thierry"]
[Result "1-0"]
[WhiteElo "1972"]
[BlackElo "2141"]
[PlyCount "77"]
[GameId "2160767909649335"]
[EventDate "2011.07.23"]
[EventType "swiss"]
[EventRounds "9"]
[EventCountry "CAN"]
[SourceTitle "EXT 2022"]
[Source "ChessBase"]
[SourceDate "2021.10.06"]
[SourceVersion "1"]
[SourceVersionDate "2021.10.06"]
[SourceQuality "1"]

1. d4 Nf6 2. c4 g6 3. Nc3 Bg7 4. e4 d6 5. Nf3 O-O 6. Be2 e5 7. O-O Nc6 8. d5 Ne7 9. Ne1 Nd7 10. Be3 f5 11. f3 f4 12. Bf2 Nf6 13. Nd3 g5 14. g4 fxg3 15. hxg3 Ng6 16. Be3 h6 17. Kg2 c6 18. Rh1 Rf7 19. b4 Nf8 20. dxc6 bxc6 21. Nxe5 dxe5 22. Qxd8 Bh3+ 23. Kxh3 Rxd8 24. Rad1 Rb8 25. a3 Ne8 26. Kg2 Ne6 27. c5 Kf8 28. Bc4 Re7 29. Ne2 a5 30. bxa5 Rb2 31. Rd2 Rxd2 32. Bxd2 Nd4 33. Nxd4 exd4 34. Rb1 Be5 35. a6 Rc7 36. f4 Bf6 37. Rb7 Be7 38. Ba5 Rc8 39. Bb6 1-0

[Event "Quebec op"]
[Site "Montreal CAN"]
[Date "2011.07.24"]
[Round "3"]
[White "Le Duin, Thierry"]
[Black "Lebeau, Gilbert"]
[Result "1-0"]
[WhiteElo "1877"]
[BlackElo "2052"]
[PlyCount "55"]
[GameId "2160767909649340"]
[EventDate "2011.07.23"]
[EventType "swiss"]
[EventRounds "9"]
[EventCountry "CAN"]
[SourceTitle "EXT 2022"]
[Source "ChessBase"]
[SourceDate "2021.10.06"]
[SourceVersion "1"]
[SourceVersionDate "2021.10.06"]
[SourceQuality "1"]

1. d4 Nf6 2. Nf3 e6 3. Bg5 d5 4. e3 c5 5. c3 Be7 6. Nbd2 O-O 7. Bd3 Nc6 8. Ne5 h6 9. h4 Nd7 10. Nxd7 Bxd7 11. Bxh6 e5 12. Bg5 f6 13. Qh5 f5 14. dxc5 e4 15. Bc2 Ne5 16. O-O-O Be8 17. Qe2 Bf6 18. f3 Qa5 19. Kb1 Bb5 20. Qf2 Nd3 21. Bxd3 Bxd3+ 22. Ka1 Bxc3 23. Nb3 Qb4 24. bxc3 Qa4 25. h5 b6 26. h6 g6 27. h7+ Kf7 28. Qg3 1-0